=LDR 00000nam 2200000 4500 =001 INLIS000000000040122 =005 20130612145714 =008 ***********************************Ind** =035 ##$$0010-061300000040122 =041 ##$$a Ind =082 ##$$a 574.07 =090 ##$$a 574.07, Sun t.I =100 ##$$a Sunarto,Drs =245 ##$$a ipa biologi, Drs.Sunarto =260 ##$$a 1999 $b Tiga Serangkai =300 ##$$a 103 hlm, ilus, 24 cm =850 ##$$a NBPNMAT